00763nam a2200181Ia 4500999001700000041001200017082001200029100006700041245014700108260006700255300001500322536004600337546001200383650003000395650001500425942001200440952012900452 c27324d27324 aEnglish aRS.0868 aSrivastava, MaliniuH.I.H.T. UniversityvDehradun, Uttarakhand 0aStudy of prevalence of psychological disorders and its associated demographic factors in Dehradun district of Uttarakhand /cMalini Srivastava aNew Delhi :bIndian Council oF Social Science Research, c2013 axx, 135 p. aIndian Council of Social Science Research aEnglish aNeurobehavioral disorders aDemography cRP2ddc 00102ddc40718IRPaNASSDOCbNASSDOCd2022-01-04eGifted by: RP Division ICSSRl0oRS.0868p51984r2022-01-28 00:00:00yRP